| 000 | 00385nam a2200121Ia 4500 | ||
|---|---|---|---|
| 008 | 190722s9999 xx 000 0 und d | ||
| 020 | _a978-93-325-4220-4 | ||
| 100 | _aKeller, Parameswaran, Jacob | ||
| 245 | 0 | _aStrategic Brand Management (Building, Measuring, and Managing Brand Equity) | |
| 260 |
_aIndia _bPearson India Education Services Pvt. Ltd. _c2016 |
||
| 300 | _a586 | ||
| 942 | _cBK | ||
| 999 |
_c661 _d661 |
||